Temas capitales de la educación /

Guardado en:
Autor Principal: Foerster, Friedrich Wilhelm
Formato: Libro
Publicado: España : Herder, 1963
Edición:2a. ed.
Materias:
Etiquetas: Agregar Etiqueta
Sin Etiquetas, Sea el primero en etiquetar este registro!
LEADER 00489nam a22001815a 4500
001 CEM.cems008598
005 20060214000000.0
008 130507s1963##################000#0#####d
003 CEMS
082 0 4 |a 370 
100 1 |a Foerster, Friedrich Wilhelm 
245 1 0 |a Temas capitales de la educación / 
250 |a 2a. ed. 
260 |a España :  |b Herder,  |c 1963 
300 |a 237 p. 
653 |a Educacion 
653 |a Mujeres-educacion 
859 |a CEMS  |b BIB. CEMS - 11 de abril  |h 370  |i F685a2  |p 3874.75  |t Ej.1